| 000 | 00368nam a2200145Ia 4500 | ||
|---|---|---|---|
| 008 | 230312s9999||||xx |||||||||||||| ||und|| | ||
| 020 | _a0-07-246419-4 | ||
| 082 |
_a004 _bHAA-C |
||
| 100 | _aMorley;Deborah | ||
| 245 | 0 | _aUnderstanding Computers Today and Tomorrow | |
| 260 |
_bMcGraw Hill _aUSA _c2002 |
||
| 300 | _a260 | ||
| 650 |
_aComputer _vComputer |
||
| 942 | _cBK | ||
| 999 |
_c15375 _d15375 |
||